Fundamentals of short-Range FM Radar (Record no. 298396)
[ view plain ]
| 000 -LEADER | |
|---|---|
| fixed length control field | 00277 a2200109 4500 |
| 001 - CONTROL NUMBER | |
| control field | 63323 |
| 082 ## - DEWEY DECIMAL CLASSIFICATION NUMBER | |
| Classification number | 621.3848 KOM |
| 090 ## - LOCALLY ASSIGNED LC-TYPE CALL NUMBER (OCLC); LOCAL CALL NUMBER (RLIN) | |
| -- | 37368 |
| -- | 37368 |
| 100 ## - MAIN ENTRY--PERSONAL NAME | |
| Personal name | Komarov,Lgor.V. |
| 245 ## - TITLE STATEMENT | |
| Title | Fundamentals of short-Range FM Radar |
| 260 ## - PUBLICATION, DISTRIBUTION, ETC. | |
| Place of publication, distribution, etc. | Boston |
| Name of publisher, distributor, etc. | Artech House, Boston |
| Date of publication, distribution, etc. | 2003 |
| 942 ## - ADDED ENTRY ELEMENTS (KOHA) | |
| Institution code [OBSOLETE] | NUST-CAE |
| Call number prefix | 621.3848 KOM |
| Withdrawn status | Lost status | Damaged status | Not for loan | Collection code | Permanent Location | Current Location | Date acquired | Total Checkouts | Full call number | Barcode | Date last seen | Price effective from | Koha item type |
|---|---|---|---|---|---|---|---|---|---|---|---|---|---|
| College of Aeronautical Engineering (CAE) | College of Aeronautical Engineering (CAE) | 04/03/2017 | 621.3848 KOM | CAE77362 | 04/05/2017 | 04/05/2017 | Book | ||||||
| College of Aeronautical Engineering (CAE) | College of Aeronautical Engineering (CAE) | 04/03/2017 | 621.3848 KOM | CAEN-3361 | 04/05/2017 | 04/05/2017 | Book |
